Geografía por Letra - I - Estadísticas

Estadísticas generales
  • Esta prueba ha sido intentada 6.397 veces
  • La puntuación promedio es 13 de 20
Estadísticas de respuestas
Pista Respuesta % Correcto
País con forma de bota Italia
100%
País que es mayoritariamente judío Israel
93%
Isla de fiesta de españa Ibiza
90%
País y subcontinente India
90%
Península de España y Portugal Ibérica
89%
Río principal en Pakistán y la India Indo
87%
Su capital es Yakarta Indonesia
86%
Estado de los EE. UU. donde se encuentra Chicago Illinois
85%
También conocido como “Éire” Irlanda
80%
La segunda religión más grande del mundo Islam
80%
País que invadió Kuwait en 1990 Irak
77%
Campeones de la Copa del mundo de 1966 Inglaterra
71%
Estado de los EE. UU. conocido por las papas Idaho
62%
Capital de Indiana Indianápolis
51%
Famosa playa de Río de Janeiro Ipanema
48%
Una estrecha franja de tierra que conecta dos grandes masas de tierra Istmo
45%
Ciudad sede de los Juegos Olímpicos de Invierno en Austria Innsbruck
33%
"Capital" de las tierras altas escocesas Inverness
23%
Pequeña isla volcánica propiedad de Japón; sitio de una famosa batalla de 1945 Iwo Jima
19%
Ciudad rusa cerca del lago Baikal Irkutsk
13%
No se encontraron pruebas coincidentes
Distribución de puntuación
Porcentaje de gente con cada puntuación
Porcentaje por número respondido
Historial de tus puntuaciones
No has intentado esta prueba.